| 000 | 00619nam a22001937a 4500 | ||
|---|---|---|---|
| 003 | AM-YeHGA | ||
| 005 | 20250617153935.0 | ||
| 008 | 180315s xxu||||| |||| 00| 0 rus d | ||
| 040 | _aAM-YeHGA | ||
| 041 | _arus | ||
| 245 | 0 | 0 |
_aПроблемы эволюции / _cАН СССР. СО. Отд. общей биологиии |
| 246 | 3 | _aProblems of Evolution | |
| 260 | 0 |
_aНовосибирск : _bНаука. Сиб. отд-ние , _c1968. |
|
| 300 | _a275 с. | ||
| 650 | 1 | 4 | _aПроблемы эволюции |
| 700 | 1 |
_aВоронцова, Н.Н. _eред. _4edt |
|
| 942 |
_2udc _cBK |
||
| 090 | _c403339 | ||
| 999 |
_c401132 _d401132 |
||